| 000 | 00557nam a2200169 a 4500 | ||
|---|---|---|---|
| 005 | 20230525063536.0 | ||
| 008 | 991125s1959 mx 000 0 spa u | ||
| 035 | _aUPN01000007830 | ||
| 049 | _aLT | ||
| 050 | 4 |
_aLB1585 M6.3 _bL4.3 1959 |
|
| 100 | 1 |
_aLeal, Mario _928969 |
|
| 245 | 1 | 0 |
_aCiencias físicas y naturales : _bprimer libro para 3o. y 4o. años de enseñanza primaria / _cMario Leal |
| 260 |
_aMéxico : _bProgreso, _c1959. |
||
| 300 |
_a232 p. : _bil., fots. |
||
| 650 | 4 |
_aCiencias naturales _xEstudio y enseñanza (Elemental) _92812 |
|
| 905 | _aLibro | ||
| 999 |
_c7830 _d7830 |
||